Idegenforgalom a Szovjetunióban kiállítás és sajtótájékoztató Szegeden [fényképpel] /
Elmentve itt :
| Szerző: | |
|---|---|
| Dokumentumtípus: | Cikk |
| Megjelent: |
1973-01-25
|
| Sorozat: | Délmagyarország
63 No. 20 |
| Kulcsszavak: | Nagy Gyula, Idegenforgalom Szovjetunió kiállítás 1973, idegenforgalom |
| Online Access: | http://dmarchiv.bibl.u-szeged.hu/70702 |
| LEADER | 00584nab a2200157 i 4500 | ||
|---|---|---|---|
| 001 | delm70702 | ||
| 005 | 20180928082355.0 | ||
| 008 | 180928s1973 hu o 0|| hun d | ||
| 040 | |a SZTE Délmagyarország Archívum |b hun | ||
| 041 | |a hun | ||
| 100 | 1 | |a Somogyi Károlyné | |
| 245 | 1 | 0 | |a Idegenforgalom a Szovjetunióban |h [elektronikus dokumentum] : |b kiállítás és sajtótájékoztató Szegeden [fényképpel] / |c Somogyi Károlyné |
| 260 | |c 1973-01-25 | ||
| 300 | |a 3 | ||
| 490 | 0 | |a Délmagyarország |v 63 No. 20 | |
| 695 | |a Nagy Gyula, Idegenforgalom Szovjetunió kiállítás 1973, idegenforgalom | ||